Radio engineer's handbook, (Record no. 545896)
[ view plain ]
| 000 -LEADER | |
|---|---|
| fixed length control field | 00539cam a2200169 4500 |
| 082 ## - DEWEY DECIMAL CLASSIFICATION NUMBER | |
| Classification number | 621.3841 |
| Author Mark | TER |
| -- | L-11, P-119 |
| 100 1# - MAIN ENTRY--PERSONAL NAME | |
| Personal name | Terman, Frederick Emmons, |
| 9 (RLIN) | 41593 |
| 245 10 - TITLE STATEMENT | |
| Title | Radio engineer's handbook, |
| Statement of responsibility, etc. | by Frederick Emmons Terman ... |
| 250 ## - EDITION STATEMENT | |
| Edition statement | 1st ed. |
| 260 ## - PUBLICATION, DISTRIBUTION, ETC. | |
| Place of publication, distribution, etc. | New York, |
| -- | London, |
| Name of publisher, distributor, etc. | McGraw-Hill Book Company, inc., |
| Date of publication, distribution, etc. | 1943. |
| 300 ## - PHYSICAL DESCRIPTION | |
| Extent | xi, 1019 p. incl. illus., tables, diagrs. |
| Dimensions | 23 cm. |
| 526 ## - STUDY PROGRAM INFORMATION NOTE | |
| Program name | 0 |
| Interest level | 0 |
| Reading level | 0 |
| Title point value | 621_384100000000000_TER |
| 650 #0 - SUBJECT ADDED ENTRY--TOPICAL TERM | |
| Topical term or geographic name entry element | Electronics. |
| 650 #0 - SUBJECT ADDED ENTRY--TOPICAL TERM | |
| Topical term or geographic name entry element | MCE |
| 9 (RLIN) | 379 |
| 650 #0 - SUBJECT ADDED ENTRY--TOPICAL TERM | |
| Topical term or geographic name entry element | Radio. |
| 942 ## - ADDED ENTRY ELEMENTS (KOHA) | |
| Source of classification or shelving scheme | |
| Koha item type | Book |
| Withdrawn status | Lost status | Source of classification or shelving scheme | Damaged status | Not for loan | Permanent Location | Current Location | Date acquired | Total Checkouts | Full call number | Barcode | Date last seen | Price effective from | Koha item type |
|---|---|---|---|---|---|---|---|---|---|---|---|---|---|
| Military College of Engineering (MCE) | Military College of Engineering (MCE) | 05/29/2014 | 621.3841 TER | MCE-5367/1 | 05/29/2014 | 03/14/2021 | Book |
